|
|
|
|
| LEADER |
00000nam a2200000Ii 4500 |
| 001 |
DIGUCAUCA0179 |
| 003 |
NyNyDIG |
| 006 |
m o d |
| 007 |
cr ||||||||||| |
| 008 |
250611s2024 ck a ob 001 0 spa d |
| 035 |
|
|
|a (OCoLC)1517285353
|
| 040 |
|
|
|a DGITA
|b eng
|e rda
|e pn
|c DGITA
|
| 020 |
|
|
|a 9789587326727
|q digital
|
| 020 |
|
|
|z 9789587326710
|q impreso
|
| 050 |
1 |
4 |
|a RC705 ebook
|
| 100 |
1 |
|
|a Urrutia Illera, Isabella María,
|e author.
|
| 245 |
1 |
0 |
|a Enfermedades respiratorias crónicas :
|b herramientas para el cuidado en el hogar /
|c Isabella María Urrutia Illera, Víctor Hugo Arboleda Campo.
|
| 250 |
|
|
|a Primera edición en español.
|
| 264 |
|
1 |
|a Popayán, Colombia :
|b Editorial Universidad del Cauca,
|c 2024.
|
| 300 |
|
|
|a 1 online resource :
|b illustrations.
|
| 336 |
|
|
|a text
|b txt
|2 rdacontent
|
| 337 |
|
|
|a computer
|b c
|2 rdamedia
|
| 338 |
|
|
|a online resource
|b cr
|2 rdacarrier
|
| 347 |
|
|
|a text file
|2 rdaft
|
| 347 |
|
|
|b PDF
|
| 504 |
|
|
|a Includes bibliographical references and index.
|
| 588 |
0 |
|
|a Online resource; title from PDF title page (Digitalia, viewed June 11, 2025)
|
| 650 |
|
0 |
|a Respiratory system
|x Diseases.
|
| 650 |
|
0 |
|a Caregivers
|x Education.
|
| 650 |
|
0 |
|a Respiratory therapy.
|
| 700 |
1 |
|
|a Arboleda Campo, Víctor Hugo,
|e author.
|
| 776 |
0 |
8 |
|i Print version:
|a Urrutia Illera, Isabella María.
|t Enfermedades respiratorias crónicas.
|b Primera edición en español.
|d Popayán, Colombia : Editorial Universidad del Cauca, 2024
|z 9789587326710
|
| 791 |
2 |
|
|a Digitalia (Firm),
|e distributor.
|
| 793 |
0 |
|
|g Digitalia eBook Collection:
|a Editorial Universidad del Cauca
|
| 856 |
4 |
0 |
|3 Digitalia Hispánica
|u https://www.digitaliapublishing.com/a/173803/
|
| 910 |
|
|
|a Premium collection: 2025
|